000
00376nam a22001097a 4500
082
_a
910
100
_a
वरे, डॉ. एस. एल.
_9
82077
245
_a
पर्यटन में इतिहास का अनुप्रयोग
260
_a
भोपाल
_b
कैलाश पुस्तक सदन
_c
2023
650
_a
यात्रा
942
_c
BK
999
_c
66409
_d
66409